00000000nam 2200000zi 4500
0019.945325
003CaOODSP
00520241119121518
006m     o  d f      
007cr mn|||||||||
008241119s1972    onc     o    f000 0 fre d
040 |aCaOODSP|bfre|erda|cCaOODSP
043 |an-cn---
0861 |aCo41-1/8BIF-PDF|zCo41-1/8BIF
24500|aInterconnexion des systèmes privés de télécommunications et des réseaux publics des sociétés exploitantes.
264 1|aOttawa : |bMinistère des communications, |c1972.
300 |a1 ressource en ligne (151 pages).
336 |atexte|btxt|2rdacontent/fre
337 |ainformatique|bc|2rdamedia/fre
338 |aressource en ligne|bcr|2rdacarrier/fre
4901 |aTélécommission étude ; |v8(b)(i)
500 |aPublié aussi en anglais sous le titre : Study of interconnection of private telecommunications systems with the systems of the telecommunication common carriers.
500 |aÉdition numérisée de l'imprimé [par Innovation, sciences et développement économique Canada].
650 6|aTélécommunications|zCanada.
7101 |aMinistère des communications, |eorganisme de publication.
77508|tStudy of interconnection of private telecommunications systems with the systems of the telecommunication common carriers.|w(CaOODSP)9.945317
830#0|aTélécommission étude ;|v8(b)(i).|w(CaOODSP)9.927948
85640|qPDF|s2.66 Mo|uhttps://publications.gc.ca/collections/collection_2024/isde-ised/co41-1/Co41-1-8BI-fra.pdf